music trivia: national origins of some music genres - Statistics

General Stats
  • This quiz has been taken 225 times
    208 since last reset
  • The average score is 7 of 15
Answer Stats
This music genre is... ...from this country % Correct
Blues USA
87%
Bhangra India
79%
Ranchera Mexico
66%
Bebop USA
63%
Dubstep UK
61%
Riot grrrl USA
59%
Mambo Cuba
52%
Go-go USA
46%
Fado Portugal
37%
Calypso Trinidad and Tobago
36%
Salsa USA
35%
Tropicalia Brazil
34%
Merengue Dominican Republic
29%
Gamelan Indonesia
24%
Highlife Ghana
11%
No matching quizzes found
Score Distribution
Percent of People with Each Score
Percentile by Number Answered
Your Score History
You have not taken this quiz since the last reset